[Event "Chalkidiki"]
[Site "Chalkidiki"]
[Date "1992.??.??"]
[Round "4"]
[White "Kotronias, Vasilios"]
[Black "Kramnik, Vladimir"]
[Result "0-1"]
[WhiteElo "2560"]
[BlackElo "2560"]
[Annotator "Ftacnik,L"]
[PlyCount "80"]
[EventDate "1992.09.??"]
[EventType "tourn"]
[EventRounds "11"]
[EventCountry "GRE"]
[EventCategory "14"]
[SourceTitle "CBM 032"]
[Source "ChessBase"]
[SourceDate "1993.02.01"]
[SourceVersion "1"]
[SourceVersionDate "1993.02.01"]
[SourceQuality "1"]

1. e4 e6 2. d4 d5 3. Nd2 c5 4. Ngf3 cxd4 5. exd5 Qxd5 6. Bc4 Qd6 7. O-O Nf6 8.
Nb3 Nc6 9. Nbxd4 Nxd4 10. Nxd4 a6 11. Bb3 Qc7 12. Re1 Bd7 13. Bg5 O-O-O 14. c3
(14. Qf3 Bd6 15. h3 Qc5 16. Qe3 (16. Be3 Qe5 17. g3 Qe4 18. Rad1 Bc6 19. Qxe4
Bxe4 20. Bg5 Bg6 $10 {Tiviakov,S-Kramnik,V/URS-ch58/1991/}) (16. Bxf6 gxf6 17.
Qxf6 Rhg8 $44) 16... Qc7 17. Qf3 Qc5 18. Qe3 {0,5-0,5/Kotronias,V-Kramnik,V/
Gausdal TM/1992/}) (14. Bxf6 gxf6 15. Qh5 Qc5 $10) 14... Bd6 15. Bxf6 gxf6 16.
Qh5 Rdf8 17. g3 Qc5 18. Bd1 Rhg8 19. Qxh7 f5 20. Bf3 (20. Qh3 f4 21. Qg2 fxg3
22. hxg3 Qc7 {/\ Bxg3} (22... Bc6 23. Bf3 $13 (23. Nxc6 $2 Rxg3 $19))) 20...
Rh8 21. Qg7 f4 22. Nb3 $2 (22. Rad1 $5) 22... Qc7 23. Re2 fxg3 24. fxg3 Rfg8
25. Qf6 (25. Qxf7 Rf8 26. Qg7 Rhg8 27. Qh7 Bxg3 28. hxg3 Qxg3+ 29. Rg2 (29. Bg2
Rh8 $19) 29... Qxf3 30. Qxg8 $1 (30. Rxg8 Qf2+ 31. Kh1 Bc6+) 30... Qe3+ 31. Kh2
Rxg8 32. Rxg8+ Kc7 $17) 25... Bxg3 $1 26. hxg3 Qxg3+ 27. Rg2 (27. Bg2 Rh2 28.
Qf2 Qh3 29. Qc5+ Bc6 $19) 27... Qh2+ 28. Kf2 (28. Kf1 Rxg2 29. Bxg2 Rg8 30. Qf2
Bb5+ $19) 28... Rxg2+ 29. Bxg2 Rg8 30. Rg1 Rg4 31. Qe7 Rf4+ 32. Ke2 (32. Ke3
Qg3+ 33. Kd2 Qf2+ 34. Kc1 Qxg1+ $19) 32... Qxg1 (32... Bb5+ $6 33. c4 $1 Bxc4+
34. Kd2) 33. Bxb7+ Kc7 34. Bf3 Qb6 35. Nc5 Qd6 36. Qxd6+ Kxd6 37. b4 (37. Nxa6
Bb5+ 38. Ke3 Rxf3+ 39. Kxf3 Bxa6 $19) 37... Bb5+ 38. Ke3 Rc4 39. Nb7+ Kc7 40.
Kd2 Rf4 {Ftacnik,L} 0-1

[Event "Chalkidiki"]
[Site "Chalkidiki"]
[Date "1992.??.??"]
[Round "5"]
[White "Kramnik, Vladimir"]
[Black "Adams, Michael"]
[Result "1/2-1/2"]
[WhiteElo "2625"]
[BlackElo "2610"]
[Annotator "Stohl,I"]
[PlyCount "60"]
[EventDate "1992.09.??"]
[EventType "tourn"]
[EventRounds "11"]
[EventCountry "GRE"]
[EventCategory "14"]
[SourceTitle "CBM 032"]
[Source "ChessBase"]
[SourceDate "1993.02.01"]
[SourceVersion "1"]
[SourceVersionDate "1993.02.01"]
[SourceQuality "1"]

1. d4 Nf6 2. c4 c5 3. d5 b5 4. cxb5 a6 5. e3 axb5 6. Bxb5 Qa5+ 7. Nc3 Bb7 8.
Nge2 Nxd5 (8... Bxd5 9. O-O Bc6 10. Qd3 Bxb5 11. Nxb5 Nc6 12. a4 d5 13. e4 dxe4
14. Qg3 e5 15. Nec3 Be7 16. Qxg7 Rg8 17. Qh6 Nd4 18. Nxd4 cxd4 19. Nxe4 Qd5 $1
20. Ng3 Rg6 $44 {[+],Nickoloff,B-Basanta,G,Kingston ch-CA 1992}) 9. O-O Nxc3
10. Nxc3 e6 (10... g6 $5 11. Bc4 (11. a4 $5 $14) 11... Qb4 $1 (11... e6 $2 12.
e4 Qb4 13. Bb5 Bg7 14. Qd6 $1 Bxc3 15. Bg5 c4 16. Qb6 $1 Nc6 17. bxc3 Qa5 18.
Qc5 Qa7 19. Qxc4 $16 {Petrusson,M-Djuric,S,New York op 1989,CBM 12}) 12. Qd3
Bg7 13. Nd5 Qa5 14. e4 Bxd5 15. Bxd5 Nc6 16. Bxc6 dxc6 17. e5 O-O 18. f4 f6 19.
Qc4+ Kh8 20. Be3 {1/2:1/2,Lutz,C-Koch,J,Pau 1988}) 11. e4 (11. a4 Nc6 12. e4
Be7 13. Bf4 Qd8 14. Qd3 O-O 15. Rad1 Nd4 16. Be5 Bf6 17. Bd6 Be7 18. Be5 Bf6
19. Bd6 Be7 20. Qg3 f5 $132 {Shirov,A-Adams,M,Dortmund 1992,CBM 29}) 11... Bxe4
$5 {N} (11... Nc6 12. Be3 Be7 13. f4 Rd8 $6 14. f5 Qc7 15. Bf4 Qb6 16. a4 O-O
17. Bd6 c4+ 18. Kh1 Bxd6 19. Qxd6 $16 {Klarenbeek,H-Bosboom,M,NLD-ch 1992,CBM
30}) 12. Bxd7+ (12. Nxe4 Qxb5 13. Nd6+ Bxd6 14. Qxd6 Ra6 $17) 12... Nxd7 13.
Nxe4 Qa4 $1 (13... Be7 $6 14. Nd6+ (14. Qg4 $5 $36) 14... Bxd6 15. Qxd6 $16)
14. Qf3 (14. Nd6+ Ke7 $10) (14. Qxa4 Rxa4 15. Nc3 Ra6 $132) (14. Qe2 $5 Be7 15.
b3 $14) 14... Ne5 (14... Be7 15. b3 Qa6 16. Rd1 $36) 15. Qf4 $6 (15. Qe2 $142
$13) 15... Nd3 $1 16. Qe3 Rd8 {[+],Nd3} 17. Nc3 (17. b3 Qd4 18. Bd2 Be7 $15)
17... Qc6 {/\c4,Bc5,0-0|^} 18. Qg3 c4 19. a4 h5 (19... f6 {/\Kf7,Bd6} 20. a5
Kf7 21. Ra4 Bd6 22. Qg4 $132) 20. h3 (20. a5 h4 21. Qf3 (21. Qg4 h3 22. gxh3
Bd6 $40) 21... Qxf3 22. gxf3 $13 h3 $17 {/\Ne5-f3}) (20. h4 $5 $132) 20... e5 (
20... h4 21. Qg4 $13) 21. a5 f5 22. a6 f4 $6 (22... Kf7 23. Qg5 Qf6 24. Ra4 $36
) (22... Ra8 23. a7 Kf7 $15 {/\Bc5}) 23. Qf3 $10 Qxf3 24. gxf3 Rh6 (24... Bc5
$6 25. Ra4 {><c4}) 25. Ne4 Ra8 26. a7 Rg6+ 27. Kh2 Rc6 (27... Rb6 28. Ra4 Rb7
29. Rxc4 $10) 28. Rd1 Bc5 (28... Rc7 29. b3 Rcxa7 30. Rxa7 Rxa7 31. bxc4 $14)
29. Nxc5 (29. b3 $2 Bd4 $17) 29... Rxc5 30. Kg2 Rc7 (30... Rc7 31. b3 Raxa7 32.
Rxa7 Rxa7 33. bxc4 Nc5 34. Rd5 $10) 1/2-1/2

[Event "Chalkidiki"]
[Site "Chalkidiki"]
[Date "1992.??.??"]
[Round "6"]
[White "Lautier, Joel"]
[Black "Kramnik, Vladimir"]
[Result "1/2-1/2"]
[WhiteElo "2580"]
[BlackElo "2625"]
[Annotator "Kramnik,V"]
[PlyCount "122"]
[EventDate "1992.09.??"]
[EventType "tourn"]
[EventRounds "11"]
[EventCountry "GRE"]
[EventCategory "14"]
[SourceTitle "CBM 032"]
[Source "ChessBase"]
[SourceDate "1993.02.01"]
[SourceVersion "1"]
[SourceVersionDate "1993.02.01"]
[SourceQuality "1"]

1. c4 {Ribli} e5 2. Nc3 d6 3. Nf3 f5 4. d4 e4 5. Ng5 c6 6. g3 $5 Be7 7. Nh3 Nf6
8. Bg2 (8. d5 $6 Nbd7 9. Bg2 Ne5 10. Qb3 Qa5 11. Bf4 Qc5 $13 {Lautier,J-Adams,
M/Biel/1991/}) 8... O-O 9. O-O Kh8 (9... Na6 $5) (9... Na6 $5 {Ribli}) 10. d5
$5 Nbd7 11. b3 Ne5 12. Bb2 Qe8 13. Qd2 Bd7 14. Rad1 a5 15. Nf4 Ng6 16. f3 $5
Nxf4 17. Qxf4 Nh5 $6 (17... Qh5 $13) (17... exf3 {Ribli} 18. exf3 $14) 18. Qd2
e3 (18... exf3 19. exf3 f4 20. g4 Nf6 21. Rfe1) 19. Qxe3 f4 20. gxf4 $1 (20.
Qf2 fxg3 21. hxg3 Qg6 $36) 20... Nxf4 21. Kh1 Nxg2 (21... Bf6 22. Qxf4 Bxc3 23.
Qc1 $1 $16) 22. Kxg2 Qg6+ 23. Kh1 Bf6 24. Qd2 Bf5 25. Rg1 Qf7 26. dxc6 (26. Na4
b5 27. Bxf6 Qxf6 28. cxb5 cxb5 29. Nc3 b4 30. Nb5 $1) 26... bxc6 27. Na4 $1
Rae8 28. Rg3 (28. Rg2 $142) (28. Rg2 $5 {Ribli}) 28... Bg6 29. Rg2 Bxb2 30.
Nxb2 Re6 31. Nd3 d5 $6 (31... a4 $1 32. b4 Rf6 $14) 32. cxd5 cxd5 33. Rc1 d4
34. Rc5 $2 (34. Rg4 $1 $16) 34... Qe7 $2 (34... Qf6 $1 35. Qg5 (35. Rxa5 Re3
$132) 35... Bxd3 36. Qxf6 Rexf6 37. exd3 Rxf3 $10) 35. Rxa5 Re3 36. Qb4 $1 Qf6
(36... Qd8 37. Rd5 $1) 37. Ne5 $2 (37. Ra6 $1 Qf5 38. Qxd4 Rxe2 39. Ra7 $1 (39.
Rxe2 Qxf3+ 40. Rg2 Qf1+ 41. Rg1 (41. Qg1 Be4 $1 $19) 41... Qf3+ $10) 39... Rg8
40. Nf4 $5 Rxg2 41. Kxg2 $16) (37. Re5 $2 {Ribli} Bxd3 38. Rxe3 dxe3 39. exd3
Qxf3 $44) 37... d3 $3 38. Ng4 $2 (38. Ra6 $1 Qd8 $1 (38... dxe2 $2 39. Rxe2 $1)
39. Rd6 Qe7 $1) (38. exd3 Re8 $13) (38. Nxg6+ {Ribli} hxg6 39. exd3 Qxf3 $44)
38... dxe2 $1 39. Nxe3 Qxf3 40. Re5 Qf1+ $4 (40... Rd8 $1 41. Rd5 (41. h4 Qh3+
42. Kg1 Rd1+ 43. Kf2 e1=Q+ 44. Qxe1 Qxh4+) 41... Re8 $1 (41... Qf1+ 42. Rg1
Qf3+ 43. Rg2 $10) 42. Qe1 Qxe3 43. Rdg5 Rc8 $1 44. R5g3 (44. Rxg6 Rc1) 44...
Qe4 $1 45. h3 Rc1 $19) (40... Rd8 $1 $44 {Ribli}) 41. Rg1 Qf2 42. Qe1 Qf3+ 43.
Rg2 $4 (43. Ng2 Be4 44. Qg3 Qf1 45. h3 e1=Q 46. Qxe1 Bxg2+ 47. Kh2 $18) (43.
Ng2 $1 $16 {Ribli}) 43... Bd3 44. Re7 (44. h4 Qh3+ 45. Kg1 h6) (44. a4 Ba6 $5 (
44... h6) 45. b4 Qxe3 $1 46. Rxe3 Rf1+ 47. Rg1 Bb7+) 44... Qf6 $1 $8 (44... h6
45. Qc3 $1 Qf6 (45... Qf1+ 46. Rg1 Qf3+ 47. Ng2) (45... Rf6 46. Re8+ Kh7 47.
Qxd3+) 46. Qxf6 e1=Q+ 47. Nf1 $1) (44... Bb5 45. Qc3 Qf6 (45... Qf1+ 46. Nxf1
exf1=Q+ 47. Rg1) 46. Qxf6 e1=Q+ 47. Rg1 (47. Nf1 $4 Qxe7 $1 48. Qxe7 Rxf1+ 49.
Rg1 Bc6+) 47... Qxg1+ 48. Kxg1 gxf6 49. a4) (44... Qa8 $5 45. Kg1 Rf1+ 46. Nxf1
exf1=Q+ 47. Qxf1 Bxf1 48. Rf2 {/\ Ref7}) 45. Rexg7 (45. Rd7 $4 Qf1+ 46. Nxf1
Rxf1+ 47. Rg1 Be4#) (45. Rgxg7 Qc6+ 46. Kg1 Rf1+ 47. Nxf1 exf1=Q+ 48. Qxf1 Bxf1
49. Rxh7+ Kg8 50. Rhg7+ Kh8 51. Kxf1 Qc1+ $10) 45... Qf1+ 46. Nxf1 exf1=Q+ 47.
Qxf1 Rxf1+ 48. Rg1 Be4+ 49. R7g2 Rf2 50. h3 $1 Rxa2 51. Kh2 Bxg2 52. Rxg2 Ra3
$1 (52... Ra5 53. Kg1) 53. Rb2 (53. Rg3 Ra2+ 54. Kg1 Rb2 55. Kf1 h5 56. Ke1 h4
57. Rf3 Kg7 58. Kd1 Kg6 59. Kc1 Rg2 60. Rd3 Kf5 61. b4 Ke4 62. Rb3 Kd5 $10)
53... Ra5 54. b4 Rb5 55. Kg3 Kg7 56. Kf4 Kf6 57. Ke4 Ke6 58. Kd4 Kd6 59. Kc4
Rh5 60. Rb3 Kc6 61. Rf3 Rh4+ 1/2-1/2

[Event "Moscow Alekhine op"]
[Site "Moscow"]
[Date "1992.??.??"]
[Round "?"]
[White "Psakhis, Lev"]
[Black "Kramnik, Vladimir"]
[Result "1/2-1/2"]
[WhiteElo "2570"]
[BlackElo "2625"]
[Annotator "Ribli,Z"]
[PlyCount "34"]
[EventDate "1992.10.??"]
[EventType "swiss"]
[EventRounds "9"]
[EventCountry "RUS"]
[SourceTitle "CBM 033"]
[Source "ChessBase"]
[SourceDate "1993.04.01"]
[SourceVersion "1"]
[SourceVersionDate "1993.04.01"]
[SourceQuality "1"]

1. c4 e5 2. Nc3 Bb4 3. Nd5 Bc5 4. e3 Nf6 (4... c6 5. Nc3 (5. d4 cxd5 6. dxc5
Qa5+ 7. Bd2 Qxc5 8. Qg4 g6 9. cxd5 Qxd5 10. Bc4 Nf6 11. Qh4 $44 {Psakhis,
L-Sokolov,I Chalkidiki 1992 CBM/32}) 5... d5 6. cxd5 cxd5 7. d4 exd4 8. exd4
Be7 9. Bb5+ Nc6 10. Nf3 a6 11. Bxc6+ bxc6 12. Ne5 Bb7 $14 {Petursson,
M-Panchenko,AN Bern 1992 CBM/28}) 5. d4 (5. b4 $5 {Kortschnoj,V-Timman,J
Harlingen 1991 CBM/24}) 5... Nxd5 6. cxd5 (6. dxc5 Nf6 7. Nf3 Qe7 $15) 6...
exd4 7. exd4 Bb4+ 8. Bd2 Bxd2+ 9. Qxd2 O-O $10 10. Bc4 d6 11. Ne2 Nd7 12. O-O
Nf6 13. Nc3 a6 14. b4 b5 15. Bb3 Bb7 16. a4 bxa4 17. Rxa4 c6 1/2-1/2

[Event "Moscow Alekhine op"]
[Site "Moscow"]
[Date "1992.??.??"]
[Round "?"]
[White "Sturua, Zurab"]
[Black "Kramnik, Vladimir"]
[Result "0-1"]
[WhiteElo "2545"]
[BlackElo "2625"]
[Annotator "Horn,Pe"]
[PlyCount "72"]
[EventDate "1992.10.??"]
[EventType "swiss"]
[EventRounds "9"]
[EventCountry "RUS"]
[SourceTitle "CBM 033"]
[Source "ChessBase"]
[SourceDate "1993.04.01"]
[SourceVersion "1"]
[SourceVersionDate "1993.04.01"]
[SourceQuality "1"]

1. Nf3 d5 2. g3 c6 3. Bg2 Bg4 4. d3 Nd7 5. O-O Ngf6 6. Nbd2 e5 7. e4 Bd6 8. h3
Bh5 (8... Bxf3 9. Nxf3 $14) 9. b3 (9. Qe1 $5 O-O 10. Nh4 Re8 (10... dxe4 11.
dxe4 Re8 12. Nc4 Bc7 13. a4 Nc5 14. b4 Ne6 15. c3 a5 16. bxa5 Qd3 $132 {
Barcza-Saborido, Oberhausen 1961}) 11. Nf5 (11. f4 exf4 12. gxf4 dxe4 13. dxe4
Nd5 14. Nc4 Bc5+ 15. Kh1 N7b6 16. Ne5 Nb4 17. Nf5 $13 {Georgiev-Torre, Saint
John op 88}) (11. Nb3 Bf8 12. a4 dxe4 13. dxe4 a5 14. Bd2 b6 15. Bc3 $10 {
Damljanovic-Kir.Georgiev, Reggio 88}) 11... Bf8 (11... Bc7 $13) 12. Nf3 Nc5 13.
N3h4 a5 $13 {Botterill-Hodgson, Bath zt 1987}) (9. Qe2 O-O 10. g4 Bg6 11. Nh4
Re8 12. Nf5 Nc5 13. Re1 Ne6 14. Nf3 Bc7 15. Bd2 h5 16. N3h4 hxg4 17. hxg4 Nf4
18. Bxf4 exf4 19. Qf3 Bxf5 20. Nxf5 g6 21. Nh4 Nh7 $17 {Braga-Dolmatov, Mexico
80}) (9. Re1 O-O 10. c3 (10. g4 Bg6 11. Nh4 Re8 12. Nf5 Bf8 13. Nf1 Nc5 14.
N1g3 dxe4 15. dxe4 Qxd1 16. Rxd1 h5 17. f3 Rad8 18. Bg5 hxg4 19. fxg4 Na4 $15 {
Stratil-Lputian, Uzhgorod 88}) 10... Re8 11. Qc2 Qc7 12. Nf1 Rad8 13. g4 Bg6
14. Ng3 Bf8 15. Bg5 h6 16. Bh4 Bh7 17. Nf5 g6 18. Nxh6+ Bxh6 19. g5 $13 {
Nazarov-Nasybullin, Azov 91}) 9... O-O 10. Bb2 Re8 11. Re1 a5 12. a3 b5 (12...
Qc7 13. g4 Bg6 14. Nh4 dxe4 15. dxe4 Nc5 16. Nxg6 hxg6 17. Nc4 Bf8 18. Bc3 b6
19. Qf3 Ncd7 20. g5 $2 Nh5 21. Rad1 b5 22. Rxd7 Qxd7 23. Nb6 Qa7 24. Nxa8 Bxa3
$1 $17 {Dirr-Dautov, Berlin op 91}) 13. Nf1 $6 (13. g4 Bg6 14. Nh4 d4 (14...
dxe4 15. dxe4 Nc5) 15. Nf5 Bf8 16. f4 c5 17. Nf3 $6 exf4 18. Bc1 Bxf5 19. gxf5
Qc7 $17 {Nikolac-Hodgson, Almada 1988}) 13... dxe4 14. dxe4 Nc5 15. N1d2 Qc7
16. Qc1 Nfd7 {/\ f6,Bf7} 17. Nh4 Ne6 18. Ndf3 f6 19. Nf5 Bf8 $15 20. Re3 $6 Bf7
21. Qe1 (21. Re1 $5) 21... g6 22. N5h4 c5 $5 23. Bf1 $2 (23. c3) 23... Nd4 $17
24. Qd1 Rad8 25. Nxd4 cxd4 26. Re1 Qc6 27. Nf3 Nc5 28. Bd3 Nxd3 29. Qxd3 (29.
cxd3 Qe6 30. Nd2 Bh6 $17) 29... a4 30. Nd2 Bh6 31. Kh2 Rc8 32. Rac1 Bc4 $1 33.
bxc4 bxc4 34. Nxc4 Bxc1 35. Nxe5 Qxc2 36. Qf3 Bxb2 0-1

[Event "Paris Immopar rapid"]
[Site "Paris"]
[Date "1992.??.??"]
[Round "1"]
[White "Kramnik, Vladimir"]
[Black "Kasparov, Garry"]
[Result "1/2-1/2"]
[WhiteElo "2625"]
[BlackElo "2790"]
[Annotator "Ftacnik,L"]
[PlyCount "59"]
[EventDate "1992.11.??"]
[EventType "k.o. (rapid)"]
[EventRounds "4"]
[EventCountry "FRA"]
[SourceTitle "CBM 033"]
[Source "ChessBase"]
[SourceDate "1993.04.01"]
[SourceVersion "1"]
[SourceVersionDate "1993.04.01"]
[SourceQuality "1"]

1. d4 Nf6 2. c4 g6 3. Nc3 d5 4. cxd5 Nxd5 5. e4 Nxc3 6. bxc3 Bg7 7. Bb5+ $5 c6
8. Ba4 O-O 9. Ne2 b5 10. Bb3 a5 11. O-O Nd7 12. Bg5 Nb6 13. a3 Qc7 14. Qd2 c5
15. Bh6 Bxh6 16. Qxh6 Ba6 $2 (16... Bb7 $132) 17. Nf4 c4 (17... e5 18. Nxg6 $1
hxg6 19. Qxg6+ Kh8 20. Qh6+ Kg8 21. f4 $40) 18. Bc2 e5 19. Ne2 b4 20. axb4 axb4
21. f4 exd4 22. f5 Nd7 23. Nxd4 Qe5 (23... Qb6 24. e5 gxf5 25. Qxb6 Nxb6 26.
cxb4 $16) 24. Nf3 Qg7 (24... Qxc3 25. e5 $1 Nxe5 26. Nxe5 Qxe5 27. f6 $18) 25.
Qxg7+ Kxg7 26. cxb4 Bb7 27. Kf2 $2 (27. Rad1 $16) 27... Nf6 28. Rxa8 Rxa8 29.
Ke3 Re8 30. fxg6 1/2-1/2

[Event "Cannes m"]
[Site "Cannes"]
[Date "1993.??.??"]
[Round "1"]
[White "Lautier, Joel"]
[Black "Kramnik, Vladimir"]
[Result "0-1"]
[WhiteElo "2645"]
[BlackElo "2685"]
[Annotator "Kramnik,V"]
[PlyCount "90"]
[EventDate "1993.02.??"]
[EventType "match"]
[EventRounds "6"]
[EventCountry "FRA"]
[SourceTitle "CBM 034"]
[Source "ChessBase"]
[SourceDate "1993.06.01"]
[SourceVersion "1"]
[SourceVersionDate "1993.06.01"]
[SourceQuality "1"]

1. c4 {Ribli Kortschnoj} e5 2. Nc3 Bb4 3. Nd5 Bc5 4. Nf3 (4. e3 $5 {Kortschnoj}
Nf6 5. d4 Nxd5 6. cxd5 exd4 7. exd4 {Kortschnoj,V-Sokolov,I/Wijk op (04)/1993/
1-0/22/}) 4... e4 $6 (4... c6 $142 5. Nc3 $14 (5. Nc3 {Ribli} d6 6. Ne4 Bb6 7.
c5 dxc5 8. Nxe5 Nf6 (8... Qe7 9. Nc4 $1) 9. Nxf6+ Qxf6 10. Nf3 O-O 11. e3 $14 {
Bricard,E-Taimanov,M Wildbad 1990 EXP/20})) 5. Ng5 $1 (5. d4 {Kortschnoj} exf3
6. dxc5 fxg2 7. Bxg2) 5... e3 $1 (5... f5 6. d4) (5... c6 6. Nxe4 cxd5 7. Nxc5
dxc4 8. Qa4 $14) 6. d4 (6. dxe3 $2 c6 7. Ne4 cxd5 8. Nxc5 Qa5+ $19) (6. fxe3 c6
7. Ne4 Qh4+ $19) 6... exf2+ 7. Kxf2 Be7 8. Nxe7 Qxe7 9. e4 d6 (9... Nc6 $5) (
9... h6 $2 {Ribli} 10. Nf3 Qxe4 11. Bd3 Qc6 12. Re1+ $18) 10. Bd3 Nc6 (10... c5
$2 11. dxc5 dxc5 12. e5 $1 Nc6 13. Re1 $36) 11. Bc2 Nf6 (11... Qf6+ 12. Nf3 Bg4
13. Be3 $16) 12. Re1 $6 (12. h3 $1 {/\ Re1, Nf3+/-}) (12. h3 $14 {Kortschnoj
Kramnik}) 12... Bg4 $1 (12... O-O {Ribli} 13. h3 $1 $14) 13. Qd3 (13. Nf3 Bxf3
14. gxf3 Nh5 $132 (14... Nh5 {Kortschnoj} 15. Be3 Qh4+ $13)) (13. Qd2 $1 $14) (
13. Nf3 $5 {Ribli}) 13... Nd7 $1 (13... Nb4 14. Ba4+ Bd7 15. Qb3 $16) 14. Ba4 (
14. Bd2 $2 Qf6+ 15. Kg3 $2 Qxd4 $17) (14. Be3 $5 {Kortschnoj}) 14... h6 (14...
Qf6+ 15. Kg3 Bh5 $14) 15. e5 $5 (15. Nf3 Bxf3 16. gxf3 Qh4+ $132) (15. Qg3 Qf6+
$1) (15. Bxc6 {Ribli} bxc6 16. Nf3 O-O $13) 15... dxe5 16. d5 Nd4 $5 (16... Nc5
17. Qg3 hxg5 18. dxc6 O-O 19. cxb7 Rad8 20. Bc2 $36) (16... Nb4 $5) (16... Nb4
$1 $17 {Ribli}) 17. Qe4 (17. Qg3 Qf6+ $1 18. Nf3 (18. Kg1 $2 Ne2+) 18... Bxf3
19. Qxe5+ Qxe5 20. Rxe5+ Kd8 21. Bxd7 Kxd7 22. gxf3 $15) 17... Be2 $1 18. Nh3 (
18. Nf3 Bxf3 19. gxf3 (19. Qxe5) 19... c6 $1 20. dxc6 bxc6 21. Be3 Nc5 $1 22.
Bxc6+ Kf8 23. Qd5 Rd8 $19) (18. Be3 f5 $1 19. Qh4 (19. Qb1 $5) 19... O-O-O $1
$36) 18... b5 $1 (18... O-O 19. Bxd7 Qxd7 20. Rxe2 Nxe2 21. Qxe2 c6 22. dxc6
bxc6 $14) 19. Bxb5 Nxb5 20. Qxe2 (20. d6 Qf6+ 21. Kxe2 (21. Kg1 O-O) 21... Nd4+
22. Kd1 O-O $40) 20... Nd4 21. Qd1 Qh4+ $1 22. Kf1 (22. Kg1 $2 Nc2 $1 23. g3
Qxc4 $17) 22... O-O 23. Be3 (23. b3 $5 {Ribli}) 23... Nf5 24. Qc2 (24. b3 $142)
24... Nxe3+ 25. Rxe3 f5 $15 26. Kg1 Rae8 27. Nf2 e4 28. Qc3 Nf6 29. g3 $6 (29.
Rh3 $142 Qf4 30. Re1) 29... Qh5 30. Rf1 Nd7 $1 31. Kg2 Ne5 32. h3 (32. Rh1 $5)
32... f4 $1 33. gxf4 $2 (33. Rxe4 fxg3 34. Qxg3 Rf3 35. Qh4 $13) 33... Rxf4 34.
Rxe4 $2 Qg6+ 35. Qg3 Rxf2+ 36. Rxf2 Qxe4+ 37. Kh2 Nxc4 38. Qxc7 Qxd5 39. Qxa7
Qd6+ 40. Kg2 Ne3+ 41. Kh1 Qd5+ 42. Kh2 Nd1 43. Rg2 Qd6+ 44. Kh1 Re1+ 45. Rg1
Qd5+ 0-1

[Event "Cannes m"]
[Site "Cannes"]
[Date "1993.??.??"]
[Round "2"]
[White "Kramnik, Vladimir"]
[Black "Lautier, Joel"]
[Result "1-0"]
[WhiteElo "2685"]
[BlackElo "2645"]
[Annotator "Kramnik,V"]
[PlyCount "71"]
[EventDate "1993.02.??"]
[EventType "match"]
[EventRounds "6"]
[EventCountry "FRA"]
[SourceTitle "CBM 034"]
[Source "ChessBase"]
[SourceDate "1993.06.01"]
[SourceVersion "1"]
[SourceVersionDate "1993.06.01"]
[SourceQuality "1"]

1. d4 d5 2. Nf3 Nf6 3. c4 e6 4. Nc3 Bb4 5. Bg5 Nbd7 6. cxd5 exd5 7. Qc2 h6 (
7... c5 8. dxc5 Qa5 9. Bd2 $1 Qxc5 10. e3 Ne4 11. Rc1 $14) (7... O-O 8. a3
Bxc3+ 9. Qxc3 $14) 8. Bh4 c5 9. e3 $1 c4 $5 (9... Qa5 10. Bd3 c4 11. Bf5 O-O
12. O-O) 10. Be2 Qa5 11. O-O Bxc3 12. bxc3 Ne4 13. Rfc1 Nb6 14. a4 $1 (14. Nd2
Bf5 $10) (14. Ne5 Bf5 15. f3 Nd6 $5 16. Qb2 f6 $13) 14... Bf5 (14... Bd7 $6 15.
Ne5 Bxa4 16. Nxc4 $1) 15. Qb2 O-O 16. Bd1 Rfe8 17. Ra2 $5 {/\ Qa3, Rb2-b5} f6
$6 (17... Nd7 $1 18. Qa3 Qc7 $14) 18. Nd2 (18. Qa3 Bd7) 18... Bd7 (18... Nxd2
19. Qxd2 Bd7 20. Bc2 $1 {/\ Bb1, Qc2->}) 19. Nf1 $1 Nxa4 $2 (19... Bc6 20. f3
Nd6 21. Bg3 Nf5 22. Bf2 $16) 20. Qxb7 Red8 (20... Nexc3 21. Rxc3 Qxc3 22. Qxd7
$18) 21. Bxa4 Bxa4 22. f3 $1 (22. Qb2 Qb6 $1 $10) 22... Rdb8 (22... Nxc3 23.
Be1 Nxa2 24. Bxa5 Nxc1 25. Bxd8 $18) (22... Rab8 23. Qe7 Re8 (23... Nxc3 24.
Be1) 24. Qd7 $1 (24. Qa3 $2 Rb3 $1 25. Qxa4 Qxa4 26. Rxa4 Nxc3 $132) 24... Nxc3
25. Rxc3 Qxc3 26. Rxa4 Red8 27. Qg4 {/\ Ra7, Bf6}) (22... Nd6 23. Qb1 Qb5 24.
Qa1 Bb3 25. Rxa7 $16) 23. Rxa4 $1 Qxa4 24. Qxd5+ Kh8 25. Qxe4 (25. fxe4 $5 {
/\ e5}) 25... Qa3 26. Rb1 Qxc3 27. Bg3 $1 Re8 (27... Rxb1 28. Qxa8+ Kh7 29.
Qe4+ $18) 28. Qg6 a5 (28... Qd3 29. Qxd3 cxd3 30. Rb3 $18) 29. Rb7 Rg8 30. Bf4
Qd3 31. e4 $1 Qxd4+ 32. Be3 Qd8 33. Bxh6 Qf8 34. Be3 Qe8 35. Qg4 Kh7 36. Qh3+ (
36. Qh3+ Kg6 37. Qf5#) 1-0